000 00570nam a2200193Ia 4500
005 20250508170113.0
008 008 250505s9999 xx 000 0 eng d
037 _aTheses
040 _aFEDL
_beng
_cFEDL
041 _aeng
_2eng
084 _a155.4, RAS/TH
_qFEDL
100 _aRashi
245 0 _aConstruction of morality and the process of moral development in children and adolescents
260 _c2020
300 _a159p.
546 _aPh.D Thesis (Delhi University); C D Included
942 _cTH
_h155.4, RAS/TH
999 _c1399234
_d1399234